| 000 | 00666nam a2200253Ia 4500 | ||
|---|---|---|---|
| 003 | OSt | ||
| 005 | 20220918192703.0 | ||
| 006 | a|||||r|||| 00| 0 | ||
| 007 | ta | ||
| 008 | 220917b |||||||| |||| 00| 0 eng d | ||
| 024 | _a69,622 | ||
| 037 | _cTextual | ||
| 040 |
_aARTS _cARTS _beng |
||
| 041 |
_2eng _aeng |
||
| 082 | _aQ4, D1 (Q4) | ||
| 100 |
_aDavids T W Rhys _927436 |
||
| 245 | 0 |
_aBuddhism _b its history and literature |
|
| 250 | _a2nd | ||
| 260 | _c1901 | ||
| 490 | _aAmerican lectures on the history or religions , 1894-1895 | ||
| 650 | _aRELIGION | ||
| 942 |
_hQ4, D1 (Q4) _cTEXL _2CC |
||
| 999 |
_c195762 _d195762 |
||